Social gerontology a multidisciplinary perspective

Neal A. Newfield, Ph.D., LICSW (Giver) ; Includes bibliography and index

Enregistré dans:
Détails bibliographiques
Auteur principal: Hooyman, Nancy R
Autres auteurs: Kiyak, H. Asuman
Format: Livre
Langue:Undetermined
Publié: Boston, MA Allyn & Bacon 2011
Sujets:
Accès en ligne:http://lrc.tdmu.edu.vn/opac/search/detail.asp?aID=2&ID=31470
Tags: Ajouter un tag
Pas de tags, Soyez le premier à ajouter un tag!
Thư viện lưu trữ: Trung tâm Học liệu Trường Đại học Thủ Dầu Một
LEADER 00844nam a2200229Ia 4500
001 TDMU_31470
008 210410s9999 xx 000 0 und d
082 |a 636.0884 
090 |b H433 
100 |a Hooyman, Nancy R 
245 0 |a Social gerontology 
245 2 |b a multidisciplinary perspective 
245 0 |c Nancy R. Hooyman, H. Asuman Kiyak 
260 |a Boston, MA 
260 |b Allyn & Bacon 
260 |c 2011 
300 |a 788 p. 
520 |a Neal A. Newfield, Ph.D., LICSW (Giver) ; Includes bibliography and index 
650 |a Gerontology; Aging; Older people  |z United State; Người cao tuổi  |z Mỹ (Hoa Kỳ); Nghiên cứu tuổi già 
700 |a Kiyak, H. Asuman 
856 |u http://lrc.tdmu.edu.vn/opac/search/detail.asp?aID=2&ID=31470 
980 |a Trung tâm Học liệu Trường Đại học Thủ Dầu Một